000 00914nam a2200217 i 4500
001 158022
003 ES-MaACL
005 20250907063119.0
008 960320s1877 sp a |||| | spa d
040 _aCARM
_bspa
_cCCPB | SIC
100 1 _aLópez Domínguez, José,
_d1829-1911
_973611
245 1 0 _aCartagena
_b: memoria y comentarios sobre el sitio de Cartagena /
_cpor el General López Dominguez.
260 _aMadrid :
_b[s.n.],
_c1877 (
_fEstablecimiento tipográfico de los señores J. Conde y Compañía)
300 _a292, 86 p., 3 h. pleg., 12 h. de lam. pleg. ;
_c25 cm.
593 _aEncabezamiento completado co Palau, XXVII, p. 637.
597 _aAntep.
651 4 _aCartagena-
_xHistoria militar.
_9159624
852 _aES-MaACL
_jG-14998
_z-- Enc. hol.
_z-- Legado M. de La Fuente
852 _aES-MaACL
_jF-10650
_z-- Enc. hol.
_q-- Falto de lam. 1 y 2
999 _c158022
_d158022